The impact of innovation in Information and Communication Technologies (ICT) on the Egyptian Economy compared with selected EU countries, with reference to E-commerce / (رقم التسجيلة. 178771)

تفاصيل مارك
000 -LEADER
fixed length control field 05008namaa22004211i 4500
003 - CONTROL NUMBER IDENTIFIER
control field EG-GICUC
005 - أخر تعامل مع التسجيلة
control field 20260310121825.0
008 - FIXED-LENGTH DATA ELEMENTS--GENERAL INFORMATION
fixed length control field 260228s2023 ua a|||frm||| 000 0 eng d
040 ## - CATALOGING SOURCE
Original cataloguing agency EG-GICUC
Language of cataloging eng
Transcribing agency EG-GICUC
Modifying agency EG-GICUC
Description conventions rda
041 0# - LANGUAGE CODE
Language code of text/sound track or separate title eng
Language code of summary or abstract eng
-- ara
049 ## - Acquisition Source
Acquisition Source Deposit
082 04 - DEWEY DECIMAL CLASSIFICATION NUMBER
Classification number 330
092 ## - LOCALLY ASSIGNED DEWEY CALL NUMBER (OCLC)
Classification number 330
Edition number 21
097 ## - Degree
Degree M.Sc
099 ## - LOCAL FREE-TEXT CALL NUMBER (OCLC)
Local Call Number Cai01.03.02.M.Sc.2023.Ma.I
100 0# - MAIN ENTRY--PERSONAL NAME
Authority record control number or standard number Mai Nabil AlSebay Shalaby,
Preparation preparation.
245 14 - TITLE STATEMENT
Title The impact of innovation in Information and Communication Technologies (ICT) on the Egyptian Economy compared with selected EU countries, with reference to E-commerce /
Statement of responsibility, etc. by Mai Nabil AlSebay Shalaby ; Supervisor Prof. Dr. Adla Ragab.
246 15 - VARYING FORM OF TITLE
Title proper/short title أثر الابتكارات التكنولوجية على الاقتصاد المصري مقارنة بدول مختارة من الاتحاد الأوروبي- مع الإشارة إلى التجارة الإلكترونية
264 #0 - PRODUCTION, PUBLICATION, DISTRIBUTION, MANUFACTURE, AND COPYRIGHT NOTICE
Date of production, publication, distribution, manufacture, or copyright notice 2023.
300 ## - PHYSICAL DESCRIPTION
Extent 148 pages :
Other physical details illustrations ;
Dimensions 25 cm. +
Accompanying material CD.
336 ## - CONTENT TYPE
Content type term text
Source rda content
337 ## - MEDIA TYPE
Media type term Unmediated
Source rdamedia
338 ## - CARRIER TYPE
Carrier type term volume
Source rdacarrier
502 ## - DISSERTATION NOTE
Dissertation note Thesis (M.Sc)-Cairo University, 2025.
504 ## - BIBLIOGRAPHY, ETC. NOTE
Bibliography, etc. note Bibliography: pages 118-136.
520 #3 - SUMMARY, ETC.
Summary, etc. The ICT innovations stand as the backbone for many sectors and businesses, which has resulted in the diffusion of new applications and business models. The European Union explores the benefits of ICT innovation, works on maximizing/optimizing the potential, and tries to overcome any obstacle that undermines the impact of these innovations on the economy.<br/>Therefore, the study examines the relation between the ICT innovations (the e-commerce as an application) and the economic growth and development in Egypt, by tapping into the EU experience as a benchmark. On the other hand, determining the ability of the Egyptian Economy to join the “Digital Economy”, to play a role in pushing and enabling other changes in different sectors, to make them more innovative and economically effective.
520 #3 - SUMMARY, ETC.
Summary, etc. تعتبر الابتكار في مجال تكنولوجيا المعلومات والاتصالات المصدر المغذي للابتكار في جميع القطاعات الاقتصادية، وبالتالي فهي تعتبر المحرك الأساسي للنمو الاقتصادي والتنمية الاقتصادية. في هذا الإطار؛ تشير الدراسات الاقتصادية إلى تفوق الاتحاد الأوروبي في مجال الاستفادة من الفرص والعوائد الناجمة عن تلك الابتكارات. و بناء على ماسبق ، أصبح الاتحاد الأوروبي نموذج محوري و أداء لقياس أداء وتطور الاقتصاديات الناشئة ، ومنها الاقتصاد المصريتهدف الدراسة إلى تحليل دور وأهمية الابتكار في مجال تكنولوجيا المعلومات والاتصالات (و تعتبرالتجارة الإلكترونية مثال للتطبيقات سابقة الذكر) في النمو والتنمية الاقتصادية في مصر، وذلك بالقياس و المقارنة بتجربة الاتحاد الأوروبي، و ذلك للوقوف على الفجوة بين التجربتين. كما تتناول الدراسة العوامل التي قد تقيد الاستفادة الاقتصادية من تلك الابتكارات، وذلك بهدف استخلاص الدروس المستفادة.<br/>و بناء عليه، تتمثل أهمية الدراسة في تحليل قدرة الاقتصاد المصري على تحويل مختلف القطاعات الاقتصادية إلى قطاعات رقمية، مبتكرة ، وفاعلة اقتصاديًا؛ بالإضافة إلى تقديم تقييم "للنظام الأيكولوجي" المؤثر في كفاءة و تطور تلك الابتكارات، مما سيخدم عملية التطوير وصنع القرار في المجال سابق الذكر، و ذلك باستخدام المنهج الوصفي للمقارنة بين التجربة الأروبية و التجربة المصرية، بالإضافة إلى استخدام الاستبيانات و المقابلات الشخصية للتعرف على أهمية و دور تلك الابتكارات ( التكنولوجيا المالية) على الاقتصاد المصري.
530 ## - ADDITIONAL PHYSICAL FORM AVAILABLE NOTE
Issues CD Issues also as CD.
546 ## - LANGUAGE NOTE
Text Language Text in English and abstract in Arabic & English.
650 #0 - SUBJECT ADDED ENTRY--TOPICAL TERM
Topical term or geographic name entry element Economics
650 #0 - SUBJECT ADDED ENTRY--TOPICAL TERM
Topical term or geographic name entry element الأقتصاد
653 #1 - INDEX TERM--UNCONTROLLED
Uncontrolled term The impact of ICT Innovation on the Egyptian Economy
-- AI-Cloud Computing
-- Fintech
700 0# - ADDED ENTRY--PERSONAL NAME
Personal name Adla Ragab
Relator term thesis advisor.
900 ## - Thesis Information
Grant date 01-01-2023
Supervisory body Adla Ragab
Universities Cairo University
Faculties Faculty of Economics & Political Science
Department Department of Economic
905 ## - Cataloger and Reviser Names
Cataloger Name Shimaa
Reviser Names Eman Ghareb
942 ## - ADDED ENTRY ELEMENTS (KOHA)
Source of classification or shelving scheme Dewey Decimal Classification
Koha item type Thesis
Edition 21
Suppress in OPAC No
المقتنيات
Source of classification or shelving scheme Home library Current library Date acquired Inventory number Full call number Barcode Date last seen Effective from Koha item type
Dewey Decimal Classification المكتبة المركزبة الجديدة - جامعة القاهرة قاعة الرسائل الجامعية - الدور الاول 28.02.2026 93465 Cai01.03.02.M.Sc.2023.Ma.I 01010110093465000 28.02.2026 28.02.2026 Thesis
Cairo University Libraries Portal Implemented & Customized by: Eng. M. Mohamady Contacts: new-lib@cl.cu.edu.eg | cnul@cl.cu.edu.eg
CUCL logo CNUL logo
© All rights reserved — Cairo University Libraries
CUCL logo
Implemented & Customized by: Eng. M. Mohamady Contact: new-lib@cl.cu.edu.eg © All rights reserved — New Central Library
CNUL logo
Implemented & Customized by: Eng. M. Mohamady Contact: cnul@cl.cu.edu.eg © All rights reserved — Cairo National University Library